Представление документа в формате MARC21

Поле Инд. ПП Название Значение
Тип записи a
Библиографический уровень m
001 Контрольный номер 63e73c124dc84dd2bf77df79c80d71f1
005 Дата корректировки 20161020104914.8
024 80 a Стандартный номер 10.02.19
040 a Служба первич. каталог. НБ ТвГУ
b Код языка каталог. rus
e Правила каталог. PSBO
041 0_ a Код языка текста rus
080 a Индекс УДК 81'373(043.3)
084 a Индекс другой классификации/Индекс ББК Ш105.36я031
090 a Полочн. индекс Ш105.3
x Авторский знак А 46
097 b Оператор mimoza
100 1_ a Автор Александрова Елена Владиславовна
q Полное имя Александрова Е. В.
245 10 a Заглавие Фразеологизм как национально-культурная метафора: филолого-герменевтический аспект
b Продолж. заглавия автореф. дис. ... к.ф.н. : 10.02.19 - теория языка
c Ответственность науч. рук.: д.ф.н., проф., Н. Ф. Крюкова ; Твер. гос. ун-т
h Физич. носитель Текст
260 c Дата издания 2015
a Место издания Тверь
b Издательство б. и.
300 a Объем 14, [1] с.
b Иллюстрации/ тип воспроизводства схемы
500 a Примечание На правах рукоп.
502 a Примечание о диссертации Защищена 12.10.2015
504 a Библиография Библиогр.: с. 14-15
653 0_ a Ключевые слова Языкознание
a Ключевые слова Теория языка
a Ключевые слова Фразеология
a Ключевые слова Фразеологизмы
a Ключевые слова Метафора
a Ключевые слова Национально-культурная метафора
a Ключевые слова Герменевтика
a Ключевые слова Филология
a Ключевые слова Филолого-герменевтический аспект
a Ключевые слова Авторефераты
700 12 a Другие авторы Крюкова Наталья Федоровна
e Роль лиц науч. рук.
700 12 a Другие авторы Кирилина Алла Викторовна
e Роль лиц оппонент
700 12 a Другие авторы Арзамасцева Наталья Юрьевна
e Роль лиц оппонент
710 12 e Роль коллектива место защиты
a Организация/ юрисдикция Тверской государственный университет
710 12 a Организация/ юрисдикция Тверской государственный университет
e Роль коллектива место выполнения работы
710 12 a Организация/ юрисдикция Российский государственный гуманитарный университет
e Роль коллектива ведущая организация
901 t Тип документа m
920 a Оператор Семен
a Оператор Васил
a Оператор Стро
930 a Новая/Ретро новая
952 c Вид литературы А/Р н
954 b Дата поступления в ОК 20160705
a Дата поступления на обработку 20160906
c Дата окончания ОНО 20161020